[Event "Milan Sport&Cultura op"]
[Site "Milan"]
[Date "2010.02.14"]
[Round "4"]
[White "Alidosi, Marco"]
[Black "Lovati, Emilio"]
[Result "1/2-1/2"]
[WhiteElo "1774"]
[BlackElo "1374"]
[PlyCount "78"]
[EventDate "2010.02.12"]
[EventType "swiss"]
[EventRounds "5"]
[EventCountry "ITA"]
[SourceTitle "EXT 2011"]
[Source "ChessBase"]
[SourceDate "2010.11.26"]
[SourceVersion "1"]
[SourceVersionDate "2010.11.26"]
[SourceQuality "1"]

1. d4 d5 2. c4 c6 3. cxd5 cxd5 4. Nf3 Nf6 5. Nc3 e6 6. Bf4 Nc6 7. e3 Bb4 8. a3 Bxc3+ 9. bxc3 0-0 10. Bd3 Bd7 11. Qc2 Re8 12. Ne5 Ne7 13. h3 a6 14. Bg5 Bb5 15. Bxb5 axb5 16. Bxf6 gxf6 17. Ng4 Ng6 18. 0-0 f5 19. Nh2 Qd6 20. Qb2 Ra5 21. f4 Qe7 22. Nf3 Rea8 23. Rfb1 Rxa3 24. Rxa3 Rxa3 25. Qc1 Ra5 26. Qd2 Qd8 27. Qe2 Qb6 28. h4 h5 29. Ne5 Qa6 30. Qxh5 Ra1 31. Qd1 Rxb1 32. Qxb1 Nxh4 33. Qe1 Ng6 34. Nd3 b6 35. Nb4 Qc8 36. Kf2 Kg7 37. Ke2 Ne7 38. Qg3+ Ng6 39. Kd2 Kf6 1/2-1/2